ING uvádza na Slovensku koncept zamestnaneckých výhod

Zamestnanecké výhody ako nástroj motivácie pracovníkov v západnej Európe. Prvou finančnou inštitúciou, ktorá predstavila koncept poskytovania zamestnaneckých výhod, je ING Nationale-Nederlanden (ING NN), a.s. Bratislava. Podstata týchto výhod. Produkty, ktoré pripravuje ING Bank v súvislosti s progr...

ver descrição completa

Na minha lista:
Detalhes bibliográficos
Autor principal: Záborský, Ján
Formato: Capítulo de Livro
Idioma:eslovaco
Assuntos:
Tags: Adicionar Tag
Sem tags, seja o primeiro a adicionar uma tag!

MARC

LEADER 00000naa a2200000 4500
001 r043198
005 20230921112315.5
041 0 |a slo 
044 |a SK 
245 1 0 |a ING uvádza na Slovensku koncept zamestnaneckých výhod  |c Ján Záborský 
520 |a Zamestnanecké výhody ako nástroj motivácie pracovníkov v západnej Európe. Prvou finančnou inštitúciou, ktorá predstavila koncept poskytovania zamestnaneckých výhod, je ING Nationale-Nederlanden (ING NN), a.s. Bratislava. Podstata týchto výhod. Produkty, ktoré pripravuje ING Bank v súvislosti s programom zamestnaneckých výhod predstaviť (retailové bankovníctvo). Legislatívne prekážky. Výsledky ING NN. 
610 2 0 |a banky 
610 2 0 |a poisťovne 
610 2 0 |a zamestnanci 
610 2 0 |a retailing 
610 2 0 |a motivácia 
610 2 0 |a pracovníci 
610 2 0 |a legislatíva 
610 2 0 |a Slovensko 
610 2 0 |a ING Nationale-Nederlanden, a.s. Bratislava 
100 1 |a Záborský, Ján